Ethics in superior civil service in India - Recruitment and training (Record no. 33449)

000 -LEADER
fixed length control field 01410pab a2200181 454500
008 - FIXED-LENGTH DATA ELEMENTS--GENERAL INFORMATION
fixed length control field 180718b1996 xxu||||| |||| 00| 0 eng d
100 ## - MAIN ENTRY--PERSONAL NAME
Personal name Sangita, S.N.
245 ## - TITLE STATEMENT
Title Ethics in superior civil service in India - Recruitment and training
260 ## - PUBLICATION, DISTRIBUTION, ETC.
Date of publication, distribution, etc. 1996
300 ## - PHYSICAL DESCRIPTION
Extent p.665-691.
362 ## - DATES OF PUBLICATION AND/OR SEQUENTIAL DESIGNATION
Dates of publication and/or sequential designation Oct-Dec
520 ## - SUMMARY, ETC.
Summary, etc. Focusing on integrity and ethics aspects, as reflected from the pattern of IAS's recruitment and training, the authors, with relevant supportive evidence from primary source (interviews of some Karnataka cadre officers) and secondary sources, examine two inter-related questions as to whether or not the existing system of: (1) recruitment is conducive to joing of competent hands with moral virtues, and (2) pre-entry training practices sensitise and orient them to ethical behaviour. Exploring new vistas in public service ethics in a developing country like India, they discover a relatively greater emphasis on external controls (like ethical laws, codes, and machinery like anti-corruption) to ensure ethics among IAS personnel. They also refer to arrangement of training of ethics in USA to impart a brief comparative dimension to the discussion before arriving at conclusions and policy implications of their findings. - Reproduced
650 ## - SUBJECT ADDED ENTRY--TOPICAL TERM
Topical term or geographic name entry element Civil service
700 ## - ADDED ENTRY--PERSONAL NAME
Personal name Vibhavathi, Vaidya
773 ## - HOST ITEM ENTRY
Main entry heading Indian Journal of Public Administration
908 ## - PUT COMMAND PARAMETER (RLIN)
Put command parameter N
909 ## -
-- 33449
Holdings
Withdrawn status Lost status Damaged status Not for loan Permanent Location Current Location Date acquired Serial Enumeration / chronology Barcode Date last seen Price effective from Koha item type
        Indian Institute of Public Administration Indian Institute of Public Administration 2018-07-19 Volume no: 42, Issue no: 4 AR33671 2018-07-19 2018-07-19 Articles

Powered by Koha